000 00315nam a2200133Ia 4500
008 220204s9999 xx 000 0 und d
082 _a550.4
_bMAS
100 _aMASON, Brian
245 0 _aPrinciples of geochemistry.
250 _aEd.3
260 _aNew York
_bWiley
_c1966
650 _aGeochemistry
942 _cBK
999 _c25777
_d25777